Town and country planning /

Bibliographic Details
Main Author: Blundell, Lionel A. (Lionel Alleyne), 1910-1975
Corporate Author: Great Britain
Other Authors: Dobry, George
Format: Book
Language:English
Published: London : Sweet & Maxwell, 1963.
Series:Property and conveyancing library ; no. 2.
Subjects:

MARC

Tag First Indicator Second Indicator Subfields
LEADER 00000cam a2200000 4500
001 in00000202170
005 20151009065011.0
008 770301s1963 enk b 00010 eng d
010 |a  63005270  
035 |a (OCoLC)02768941 
035 |9 AAY3217AM 
040 |a DLC  |c NRC  |d TXA  |d UtOrBLW 
043 |a e-uk--- 
049 |a TXAM  |c [485506] 
090 |a KD1125  |b .B56 
100 1 |a Blundell, Lionel A.  |q (Lionel Alleyne),  |d 1910-1975. 
245 1 0 |a Town and country planning /  |c by Lionel A. Blundell and George Dobry. With a contribution by Richard B. Caws. 
264 1 |a London :  |b Sweet & Maxwell,  |c 1963. 
300 |a xliii, 791 pages ;  |c 26 cm. 
336 |a text  |b txt  |2 rdacontent 
337 |a unmediated  |b n  |2 rdamedia 
338 |a volume  |b nc  |2 rdacarrier 
490 1 |a Property and conveyancing library,  |v no. 2 
500 |a "Town and country planning act": pages 569-758. 
504 |a Bibliographical footnotes. 
650 0 |a City planning and redevelopment law  |z Great Britain. 
650 0 |a Regional planning  |x Law and legislation  |z Great Britain. 
700 1 |a Dobry, George. 
710 1 |a Great Britain.  |k Laws, statutes, etc  |p Town and country planning act, 1962. 
830 0 |a Property and conveyancing library ;  |v no. 2. 
999 |a MARS 
999 f f |s 75633887-4e5c-3908-9f0a-85e876a5cecd  |i aaead43d-b54b-329c-9bcb-0823fde53104  |t 0 
952 f f |p ric  |a Texas A&M University  |b Rellis Campus  |c Joint Library Facility  |d Remote Storage  |t 0  |e KD1125 .B56  |h Library of Congress classification  |i unmediated -- volume  |m A14803152340 
998 f f |a KD1125 .B56  |t 0  |l Remote Storage